Most Retired NFL Jersey Numbers - Statistics

General Stats
  • This quiz has been taken 105 times
  • The average score is 3 of 12
Answer Stats
Times Retired Jersey # % Correct
6 12
90%
5 7
66%
5 20
24%
5 14
23%
4 18
22%
5 80
18%
4 34
14%
5 28
5%
5 70
4%
4 77
4%
5 40
3%
4 78
3%
No matching quizzes found
Score Distribution
Percent of People with Each Score
Percentile by Number Answered
Your Score History
You have not taken this quiz